000 00271nam a22001217a 4500
008 170908b xxu||||| |||| 00| 0 eng d
041 _ager
080 _a91
100 _a42
101 _aGJEO
245 _aHARENBERG KOMPAKTLEXIKON IN 5 BANDEN
_cSAN,M
942 _2udc
_cBK
999 _c26822
_d26822